Logo BPK

Bibliografia Prac Pracowników

Politechniki Koszalińskiej

Badanie wentylatorów / (Rekord nr 9966)

Szczegóły MARC
000 -ETYKIETA REKORDU
podpole kontrolne o stałej długości 00708naa a2200157 i 4500
001 - NUMER KONTROLNY REKORDU
podpole kontrolne 9966
003 - IDENTYFIKATOR NUMERU KONTROLNEGO REKORDU
podpole kontrolne KOSZ 005
005 - DATA OSTATNIEJ MODYFIKACJI REKORDU
podpole kontrolne 20180412114812.0
008 - POLE O STAŁEJ DŁUGOŚCI - DANE KONTROLNE
podpole kontrolne o stałej długości 180412s1986 pl f |000 0 pol
040 ## - ŹRÓDŁO KATALOGOWANIA
Instytucja, która utworzyła rekord KOSZ 005/HR
Instytucja, która sporządziła opis KOSZ 005/HR
100 ## - NAZWA OSOBOWA
Nazwa osobowa SOBOLEWSKI, Edward.
Lata pracy 1982-1996
Instytucja Wyższa Szkoła Inżynierska - Wydział Mechaniczny,
Wydział Zakład Termodynamiki i Chłodnictwa
245 10 - TYTUŁ/ODPOWIEDZIALNOŚĆ
Tytuł Badanie wentylatorów /
Pozostałe elementy strefy tytułu i oznaczenia odpowiedzialności Edward Sobolewski.
650 #0 - HASŁO PRZEDMIOTOWE W FORMIE NAZWY OGÓLNEJ LUB JEDNOSTKOWEJ
Nazwa ogólna lub geograficzna Termodynamika techniczna.
773 0# - TYTUŁ DOKUMENTU MACIERZYSTEGO
Wyrażenie wprowadzające W :
Tytuł Materiały pomocnicze do ćwiczeń laboratoryjnych z podstaw techniki cieplnej. Cz. 2 / pod red. Mariana Czapp. -
Adres wydawniczy Koszalin : Wydaw. Uczelniane Wyższej Szkoły Inżynierskiej, 1986. -
Informacje dotyczące relacji s. 520-564
942 ## - HASŁO DODATKOWE - ELEMENTY(KOHA)
Typ dokumentu Rozdział
Schemat klasyfikacji Uniwersalna klasyfikacja dziesiętna

Brak dostępnych egzemplarzy.

© 2014 Biblioteka Politechniki Koszalińskiej :: BIBLIOGRAFIA PRAC PRACOWNIKÓW